| 000 | 01974 a2200241 4500 | ||
|---|---|---|---|
| 020 | _a0412847906 | ||
| 040 | _aDLC | ||
| 082 | _a621.3827 | ||
| 245 | 1 | 0 |
_aOptical networks :design and modelling, IFIP TC6 Second International Working Conference on Optical Network Design and Modelling (ONDM '98), February 9-11, 1998, Rome, Italy _bdesign and modelling: IFIP TC6 Second International Working Conference on Optical Network Design and Modelling (ONDM '98), February 9-11, 1998, Rome, Italy _cedited by Giancarlo de Marchis, Roberto Sabella. |
| 260 |
_aBoston : _bKluwer Academic Publishers, _cc1999. |
||
| 300 |
_a186 p. : _bill. |
||
| 490 | 1 |
_aInternational Federation for Information Processing ; _v19. |
|
| 520 | 1 | _a"Optical network design and modelling is an essential issue for planning and operating networks for the next century. The main issues in optical networking are being widely investigated not only for WDM networks but also for optical TDM and optical packet switching. This book contributes to further progress in optical network architectures, design, operation and management."--BK JACKET. "This book contains the selected proceedings of the Second International Working Conference on Optical Network Design and Modelling, which was sponsored by the International Federation for Information Processing (IFIP) and held in February 1998 in Rome, Italy."--BK JACKET. "This new book will be essential reading for personnel in computer communication industries, and academic and research staff in computer science and electrical engineering."--BK JACKET. | |
| 650 | 0 | _aOptical communications | |
| 650 | 0 | _aFiber optics | |
| 650 | 0 | _aComputer networks | |
| 650 | 0 | _aOptoelectronics | |
| 700 | 1 | _aDe Marchis, Giancarlo. | |
| 700 | 1 | _aSabella, Roberto. | |
| 710 | 2 |
_aInternational Federation for Information Processing. _bTechnical Committee 6. |
|
| 810 | 2 | _aInternational Ffederation for Information Processing (Series) ; | |
| 942 |
_cBK _k621.3827 MAR _2ddc |
||
| 999 |
_c4646 _d4646 |
||